| 000 | 01074nam a2200325 c 4500 | ||
|---|---|---|---|
| 003 | BLK | ||
| 005 | 20180420220905.0 | ||
| 008 | 180408b bul|||||r ||||||| ||bul|| | ||
| 010 | _aKNG00038938000 | ||
| 020 |
_a2-85036-187-9 _bиздат.: Robert - на том |
||
| 040 | _aBLK | ||
| 041 |
_aFRE _cFRE |
||
| 080 |
_aФренски език _b811.133.1 _x-321.2 _z811.133.1-321.2 |
||
| 700 | 1 |
_aRey, Alain _esous la dir. de _9274786 |
|
| 139 |
_aDictionnaire historique de la langue francaise _bD 53 |
||
| 245 | 1 | 0 |
_aDictionnaire historique de la langue francaise _b[В 2 т.] _csous la dir. de Alain Rey. _nT. 1 _pA - L |
| 257 | _aFRA | ||
| 260 |
_аParis _c1992 |
||
| 300 | _c40 cm | ||
| 380 | _a80 | ||
| 650 | 4 |
_aФренски език - речници, етимологични _9274787 |
|
| 653 | _aфренски език | ||
| 653 | _aетимологични речници | ||
| 760 | 1 |
_3- на том _dRobert _h1156 c. _tT. 1 A - L |
|
| 852 | _aЦб ІІ 8010 | ||
| 856 | 4 |
_qpdf _u |
|
| 856 | 4 |
_qpdf _u |
|
| 942 |
_cKNG _n0 |
||
| 944 |
_aCR _c15.01.2003 _kAB_DOS |
||
| 944 |
_aED _c12.12.2013 _k |
||
| 999 |
_c36111 _d36111 |
||